000 00530nam a22001937a 4500
003 KOHA_MİRAKIL
005 20251221173415.0
008 251221b tu ||||| |||| 00| 0 tur d
020 _a9786051964492
040 _aTR-AnABB
_btur
_cTR-AnABB
041 _atur
082 _a291.43
_bKAR 2020
100 1 _aKarauğuz, Güngör,
245 1 0 _aHitit duaları kil kitapları /
_cGüngör Karauğuz
260 _aKonya :
_bÇizgi Yayınevi,
_c2020
300 _a192 sayfa ;
_c21 cm
650 0 4 _aTarih
942 _2ddc
_cBK
999 _c9889
_d9889
900 _bGizem YORULMAZ